000 00323nam a22001217a 4500
040 _cSY
082 _a576
100 _aKY VANNARITH; គី វណ្ណារិទ្ធ
245 _aSystematic aquatic zoology, ប្រព័ន្ធវារីសត្វ
260 _aRUA
_bKY
_c2000
300 _a65p.
942 _cKB
999 _c9692
_d9692